000 00171 a2200085 4500
041 _aspa
100 _aAnonimo
245 _arevista del patrimonio nacional aò¨
942 _cBK
999 _c10018
_d10018